HUMAN REOURCE DEVELOPMENT (Record no. 343038)
[ view plain ]
| 000 -LEADER | |
|---|---|
| fixed length control field | 00328 a2200121 4500 |
| 082 ## - DEWEY DECIMAL CLASSIFICATION NUMBER | |
| Classification number | 519.5 WIL |
| 090 ## - LOCALLY ASSIGNED LC-TYPE CALL NUMBER (OCLC); LOCAL CALL NUMBER (RLIN) | |
| -- | 479 |
| -- | 479 |
| 100 ## - MAIN ENTRY--PERSONAL NAME | |
| Personal name | JOHN P WILSON |
| 245 ## - TITLE STATEMENT | |
| Title | HUMAN REOURCE DEVELOPMENT |
| Remainder of title | LEARNNING AND TRAINING FOR INDIVIDUALS AND ORGANIZATIONS |
| 250 ## - EDITION STATEMENT | |
| Edition statement | 2ND ED |
| 260 ## - PUBLICATION, DISTRIBUTION, ETC. | |
| Place of publication, distribution, etc. | KOGAN LONDON |
| 942 ## - ADDED ENTRY ELEMENTS (KOHA) | |
| Institution code [OBSOLETE] | NBS |
| Koha item type | Book |
| Call number prefix | 658.3124 WIL |
| Withdrawn status | Lost status | Damaged status | Not for loan | Permanent Location | Current Location | Date acquired | Total Checkouts | Full call number | Barcode | Date last seen | Date last checked out | Price effective from | Koha item type |
|---|---|---|---|---|---|---|---|---|---|---|---|---|---|
| Central Library (CL) | Central Library (CL) | 08/28/2013 | 4 | 658.3124 WIL | NBS7594 | 03/10/2017 | 02/13/2017 | 08/28/2013 | Book |
